| 000 | 00853nam a22002177a 4500 | ||
|---|---|---|---|
| 999 |
_c13224 _d13224 |
||
| 003 | AR-CdUCM | ||
| 008 | 190411b ||||| |||| 00| 0 spa d | ||
| 040 |
_aMUNICIPALIDAD PROVINCIAL DEL CUSCO _cBIBLIOTECA MUNICIPAL DEL CUSCO |
||
| 082 |
_a300 / _bG21 |
||
| 100 |
_aGallardo de Vildoso, Graciela _931506 |
||
| 245 | _aEn mundo de los niños y la conquista de sus derechos sociales / | ||
| 260 |
_aBolivia : _bUniversitaria, _c1957. |
||
| 300 |
_a154 páginas ; _c20 cm. |
||
| 440 |
_aBiblioteca de estudios jurídicos, políticos y sociales _n4 _931507 |
||
| 505 | _aContenido : Reseña histórica -- El niño como realidad biológica -- Los factores endógenos -- Los factores exógenos ... | ||
| 650 |
_aMundo de los niños _931508 |
||
| 650 |
_aInfantes _931509 |
||
| 650 |
_aBolivia _91138 |
||
| 942 |
_2ddc _cLIBROS |
||
| 945 |
_arah _d11/04/2019 |
||